Music Quiz

Random Music Quiz

Rush song (lyrics) Quiz Stats

Quiz not verified by Sporcle

Challenge
Share
Tweet
Embed
Score 0/147 Timer 10:00
0 Plays Today
lyrics % Correct
the
98.2%
the
98.2%
the
98.2%
and
98.2%
the
98.2%
The
98.2%
the
98.2%
and
98.2%
the
98.2%
and
98.2%
the
98.2%
the
98.2%
the
98.2%
And
98.2%
the
98.2%
the
98.2%
and
98.2%
the
98.2%
the
98.2%
And
98.2%
the
98.2%
the
98.2%
a
98.2%
and
98.2%
The
98.2%
a
98.2%
And
98.2%
the
98.2%
and
98.2%
in
81.8%
in
81.8%
in
81.8%
is
81.5%
is
81.5%
is
81.5%
be
76.4%
are
75.3%
are
75.3%
are
75.3%
For
74.9%
for
74.9%
We
74.2%
There
71.6%
There
71.6%
There
71.6%
with
69.5%
with
69.5%
They
69.1%
they
69.1%
lyrics % Correct
they
69.1%
they
69.1%
they
69.1%
too
68.7%
too
68.7%
no
68.7%
all
65.5%
all
65.5%
all
65.5%
their
65.1%
their
65.1%
why
65.1%
their
65.1%
their
65.1%
trees
64.4%
trees
64.4%
forest
63.6%
trouble
63.6%
Maples
63.6%
trouble
63.6%
Maples
63.6%
Maples
63.6%
trouble
63.6%
forest
63.6%
Maples
63.6%
Maples
63.6%
say
63.3%
just
62.9%
can't
62.9%
can't
62.9%
just
62.9%
just
62.9%
more
62.5%
light
62.5%
light
62.5%
more
62.5%
Oaks
62.2%
Oaks
62.2%
Oaks
62.2%
have
62.2%
Oaks
62.2%
Oaks
62.2%
want
61.8%
right
61.8%
if
61.5%
up
61.1%
they're
60.7%
they're
60.7%
But
60.7%
lyrics % Correct
they're
60.7%
will
60.7%
unrest
60.4%
Oak
60.4%
So
60%
by
60%
sunlight
59.6%
us
59.6%
pleas
58.9%
like
58.9%
way
58.9%
ignore
58.5%
shade
58.5%
saw
58.2%
happy
57.8%
quite
57.5%
oppression
57.5%
oppression
57.5%
convinced
57.1%
them
57.1%
help
56.7%
equal
56.7%
equal
56.7%
axe
56.7%
made
56.4%
feelings
55.6%
heads
55.6%
hatchet
55.6%
creatures
55.3%
scream
54.9%
shake
54.9%
greedy
54.9%
give
54.9%
make
54.5%
lofty
54.2%
wonder
54.2%
Now
54.2%
fled
53.8%
grab
53.1%
there's
52%
union
51.6%
rights
51.6%
kept
51.6%
formed
51.3%
demanded
50.5%
As
49.5%
law
48.7%
passed
45.8%
noble
45.8%

You're not logged in!

Compare scores with friends on all Sporcle quizzes.
Sign Up with Email
OR
Log In

You Might Also Like...

Show Comments

Extras

Top Quizzes Today


Score Distribution

Your Account Isn't Verified!

In order to create a playlist on Sporcle, you need to verify the email address you used during registration. Go to your Sporcle Settings to finish the process.